000 00844nam a2200265 a 4500
003 CBULib
005 20241119134523.0
008 120416s1995 ||||||||||||||||| || u
020 _a9152003728
040 _aCBULib
_bEnglish
_cCBULib
_erda
041 _aeng
050 _aUNO(02)1995/2
100 _aWallensteen, Peter
110 _93397
_aUnited Nations (UNO)
245 1 0 _aDag Hammarskjold
_c/ by United Nations (UNO)
260 _aStockholm :
_bThe Swedish Institute,
_c1995
300 _a45 pages : illustrations
336 _2rdacontent
_aText |
_btxt
337 _2rdamedia
_aUnmediated |
_bn
338 _2rdacarrier
_aVolume
_bnc
650 _aHAMMARSKJOLD, DAG 1905-1961
942 _2mc
_c029
999 _c62663
_d62663